000 00617nam a2200217Ia 4500
005 20250923145229.0
008 008 250917s9999 xx 000 0 eng d
037 _aTextual
040 _aDSWL
_beng
_cDSWL
041 _aeng
_2eng
084 _aY13:7:7, N65;2
_qDSWL
100 _aBiddle, W.W.
_9833137
245 0 _aCommunity development process
_cby W.W. Biddle
260 _aNew Delhi
_b Amerind Pub. Co. Ltd.
_c1965
300 _a426p.
365 _aINR
_b12.00
700 _aL.J. Biddle
_9833138
925 _g12.00
942 _cTEXL
_hY13:7:7, N65;2
999 _c1448723
_d1448723